The Habsburg monarchy, 1809-1918 : a history of the Austrian Empire and Austria-Hungary

Αποθηκεύτηκε σε:
Λεπτομέρειες βιβλιογραφικής εγγραφής
Κύριος συγγραφέας: Taylor, A. J. P. (Alan John Percivale) 1906-
Μορφή: Βιβλίο
Γλώσσα:English
Δημοσίευση: London : Penguin Books, 1990
Θέματα:
Ετικέτες: Προσθήκη ετικέτας
Δεν υπάρχουν, Καταχωρήστε ετικέτα πρώτοι!

MARC

LEADER 00000nam a2200000 i 4500
001 1/6659
008 960711s1990 eng d
020 |a 0-14-013498-0 
035 |l 10016431 
040 |a GR-MY-UA  |b gre  |e aacr 
041 0 |a eng 
082 0 |a 943.6 
100 1 |a Taylor, A. J. P.  |q (Alan John Percivale)  |d 1906- 
245 1 4 |a The Habsburg monarchy, 1809-1918 :  |b a history of the Austrian Empire and Austria-Hungary /  |c A. J. P. Taylor 
260 |a London :   |b Penguin Books,   |c 1990 
300 |a 304 p. 
504 |a Includes bibliographical references and index 
651 0 |a Austria  |x History  |y 1789-1900. 
651 0 |a Austria  |x History  |y 20th century. 
852 |a INST  |b LESVOS  |e 19960711  |h 943.6 TAY  |p 005100009590  |q 005100009590  |t BK  |y 0 
909 |a Λ  |b 044427 
922 |a 1ΔΩΡ  |b 199602  |c ΤΚΑ